Acercamiento a una agroecología indígena /
Además del marco biofísico, el sistema agroproductivo está determinado por sus características etnoculturales, socioeconómicas y políticas. Existe poca investigación y poco conocimiento acerca de las estrategias e iniciativas que han utilizado los pueblos indígenas para resolver problemáticas ligada...
Wedi'i Gadw mewn:
| Prif Awdur: | |
|---|---|
| Fformat: | Texto |
| Pynciau: | |
| Tagiau: |
Ychwanegu Tag
Dim Tagiau, Byddwch y cyntaf i dagio'r cofnod hwn!
|
MARC
| LEADER | 00000 a a2200000 04500 | ||
|---|---|---|---|
| 001 | 13653 | ||
| 003 | |||
| 040 | |||
| 100 | |a Martínez Castillo, Róger | ||
| 245 | |a Acercamiento a una agroecología indígena / |c Róger Martínez Castillo | ||
| 520 | |a Además del marco biofísico, el sistema agroproductivo está determinado por sus características etnoculturales, socioeconómicas y políticas. Existe poca investigación y poco conocimiento acerca de las estrategias e iniciativas que han utilizado los pueblos indígenas para resolver problemáticas ligadas con la naturaleza. La agroecología se basa en las experiencias indígenas sobre la dimensión ecológica. A pesar de los amplios conocimientos por parte de poblaciones indígenas sobre la materia, el desarrollo convencional ignora y excluye deliberadamente dicho saber | ||
| 650 | |a PRODUCTOS AGROPECUARIOS | ||
| 650 | |a ECOLOGIA | ||
| 650 | |a POBLACION INDIGENA | ||
| 773 | |g volumen 82, número 1; páginas 89-97 | ||
| 999 | |c 24476 |d 24476 | ||
